000 00660nam a22002057a 4500
003 SISC
005 20170613135833.0
008 170613b xxu||||| |||| 00| 0 eng d
020 _a9781138920064
050 _aQA 76.76.C672
_b.Ah285 2016
100 _aAhearn, Luke.
245 _a3D game textures :
_bcreate professional game art using Photoshop /
_cLuke Aheam.
260 _aNew York :
_bCRC Press,
_c2016.
300 _axix, 391 pages :
_bcolor illustrations ;
_c25 cm.
500 _aIncludes bibliographical references.
650 _aComputer games -- Programming.
650 _aComputer graphics.
650 _aAdobe Photoshop.
942 _2lcc
_cBK
999 _c335219
_d335219